000 00425nam a2200169 a 4500
001 0000-9010
003 ELIB.Books
008 110520 1997
035 _a(ELIB.Books)0000-9159
082 _a270
_bNol
100 _aNoll, Mark A.
245 _aTurning Points
260 _bGrand Rapids: Baker Book House Company
_c1997
650 _aChurch History
942 _2ddc
_cBK
998 _cbat
_e2011-05-20
999 _c9010
_d9010